Visualizzazione normale
Vista MARC
- Bird Rare
di Personal Name
Records bibliografici associati: 1
001 - CONTROL NUMBER
- control field: 21153
003 - CONTROL NUMBER IDENTIFIER
- control field: IT-RoPau
005 - DATE AND TIME OF LATEST TRANSACTION
- control field: 20140418102324.0
008 - FIXED-LENGTH DATA ELEMENTS
- fixed length control field: 140418|| aca||aabn | a|a d
040 ## - CATALOGING SOURCE
- Original cataloging agency: IT-RoPau
- Transcribing agency: IT-RoPau
100 ## - HEADING--PERSONAL NAME
- Personal name: Bird Rare
- Dates associated with a name: Codice autore SPICS: 16902
- Relator term: Autore
- Name of part/section of a work: Broadway
670 ## - SOURCE DATA FOUND
- Source citation: Work cat.: (IT-RoPau)100245: AA.VV. 794, Jazz. Gli uomini, gli strumenti, gli stili 11